Cirugia refrativa
Kaydedildi:
| Yazar: | |
|---|---|
| Materyal Türü: | Bilinmiyor |
| Dil: | İngilizce Portekizce |
| Baskı/Yayın Bilgisi: |
Río de Janeiro, Brasil
Cultura Médica
2017
|
| Konular: | |
| Etiketler: |
Etiketle
Etiket eklenmemiş, İlk siz ekleyin!
|
MARC
| LEADER | 00000 a2200000 4500 | ||
|---|---|---|---|
| 003 | CL-VaPUC | ||
| 005 | 20211028074304.0 | ||
| 008 | 200413b ||||| |||| 00| 0 eng d | ||
| 999 | |c 423305 |d 423303 | ||
| 020 | |a 9788570066794 | ||
| 040 | |c Pontificia Universidad Católica de Valparaíso | ||
| 041 | 0 | |a por | |
| 082 | |2 21 |a 617.755 SAN 2017 | ||
| 100 | 1 | |a Santhiago, Marcony R |9 814403 | |
| 245 | |a Cirugia refrativa | ||
| 260 | 3 | |b Cultura Médica |c 2017 |a Río de Janeiro, Brasil | |
| 300 | |a 506 páginas | ||
| 583 | |k Hugo Gaete |c 20200413 | ||
| 650 | 0 | |a Cirugía ocular |9 431660 | |
| 650 | 0 | |a Refracción ocular |9 490692 | |
| 650 | 0 | |a Enfermedades de los ojos |9 351395 | |
| 942 | |2 ddc |c BK | ||
| 952 | |0 0 |1 0 |2 ddc |4 0 |6 617_755000000000000_SAN_2017 |7 0 |8 A |9 562321 |a BIBCUR |b BIBCUR |d 2020-04-08 |e 93 |g 88267.00 |i 557563K |l 9 |o 617.755 SAN 2017 |p 557563K |r 2025-04-22 |s 2022-06-30 |t 1 |v 88267.00 |w 2020-04-08 |y BK |k TEM | ||